[Event "GER-ch U10"]
[Site "Willingen"]
[Date "2023.06.01"]
[Round "8"]
[White "Burban, Bogdan"]
[Black "Baumann, Simon"]
[Result "0-1"]
[WhiteElo "1300"]
[BlackElo "1423"]
[PlyCount "60"]
[EventDate "2023.05.27"]
[EventType "swiss"]
[EventRounds "11"]
[EventCountry "GER"]
[SourceTitle "CBM 214 Extra"]
[Source "ChessBase"]
[SourceDate "2023.07.31"]
[SourceVersion "1"]
[SourceVersionDate "2023.07.31"]
[SourceQuality "1"]

1. d4 d5 2. c4 e6 3. Nc3 Nf6 4. cxd5 exd5 5. Bg5 Nbd7 6. e3 c6 7. Bd3 Bd6 8. Nf3 0-0 9. 0-0 Re8 10. Rb1 a6 11. b4 Qc7 12. a4 Ne4 13. Qc2 Ndf6 14. h3 h6 15. Bxf6 Nxf6 16. b5 axb5 17. axb5 Ra3 18. Rfc1 Bd7 19. bxc6 bxc6 20. e4 dxe4 21. Nxe4 Nxe4 22. Bxe4 Ra6 23. Qc4 Qc8 24. Bd3 Ra3 25. d5 c5 26. Nd2 Bxh3 27. gxh3 Qxh3 28. f3 Bh2+ 29. Kf2 Qg3+ 30. Kf1 Qg1# 0-1